Hindi me Vigyan Sanchar (Record no. 52426)

MARC details
000 -LEADER
fixed length control field 00555nam a22001817a 4500
003 - CONTROL NUMBER IDENTIFIER
control field OSt
008 - FIXED-LENGTH DATA ELEMENTS--GENERAL INFORMATION
fixed length control field 260629b |||||||| |||| 00| 0 eng d
020 ## - INTERNATIONAL STANDARD BOOK NUMBER
International Standard Book Number 9788196560607
082 ## - DEWEY DECIMAL CLASSIFICATION NUMBER
Classification number 501.4
Item number B73H
100 ## - MAIN ENTRY--PERSONAL NAME
Personal name Borkar, Dr. Vedprakash
245 ## - TITLE STATEMENT
Title Hindi me Vigyan Sanchar
Remainder of title (Antriksh evam Paryavaran vigyan ke vishesh sandarbh me)
Statement of responsibility, etc. Borkar, Dr. Vedprakash
260 ## - PUBLICATION, DISTRIBUTION, ETC. (IMPRINT)
Place of publication, distribution, etc New Delhi
Name of publisher, distributor, etc Atal Prakasan
Date of publication, distribution, etc 2025
300 ## - PHYSICAL DESCRIPTION
Extent 468p.
365 ## - TRADE PRICE
Price note 2595.00
650 ## - SUBJECT ADDED ENTRY--TOPICAL TERM
Topical term or geographic name as entry element Science communication.
650 ## - SUBJECT ADDED ENTRY--TOPICAL TERM
Topical term or geographic name as entry element विज्ञान संचार
942 ## - ADDED ENTRY ELEMENTS (KOHA)
Source of classification or shelving scheme
Koha item type Books
Holdings
Withdrawn status Lost status Source of classification or shelving scheme Damaged status Not for loan Home library Current library Shelving location Date acquired Source of acquisition Currency Cost, normal purchase price Total Checkouts Full call number Barcode Date last seen Bill Date Koha item type Public note Bill Number
          Dr. Rajendra Prasad Central Agricultural University Pusa, Dr. Rajendra Prasad Central Agricultural University Pusa, General Stacks 29/06/2026 TTPP, New Delhi INR 2595.00   501.4 B73H 87697 29/06/2026 29/01/2026 Books Hindi Medium book IN-00449
Hosted, Implemented, Customized & Maintained by: BestBookBuddies

Powered by Koha